The self-builder (Record no. 57276)

MARC details
000 -LEADER
fixed length control field 00573nam a2200157 a 4500
008 - FIXED-LENGTH DATA ELEMENTS--GENERAL INFORMATION
fixed length control field 120416s0000 ||||||||||||||||| || u
020 ## - INTERNATIONAL STANDARD BOOK NUMBER
International Standard Book Number 0715387650
050 ## - LIBRARY OF CONGRESS CALL NUMBER
Classification number TH 4815 Sne
100 ## - MAIN ENTRY--PERSONAL NAME
Personal name Sneigar, Nicholas
245 14 - TITLE STATEMENT
Title The self-builder
246 ## - VARYING FORM OF TITLE
Title proper/short title how to build your own home and halve the cost
260 ## - PUBLICATION, DISTRIBUTION, ETC.
Place of publication, distribution, etc. Newton Abbot
Name of publisher, distributor, etc. David and Charles
Date of publication, distribution, etc. 1987
300 ## - PHYSICAL DESCRIPTION
Extent 160p. : ill.
350 ## - PRICE (NR) (BK AM CF MU VM SE) [OBSOLETE]
Price 0.00
995 ## - RECOMMENDATION 995 [LOCAL, UNIMARC FRANCE]
-- 0.00
-- CBU-MAIN LIBRARY (Kitwe)
-- 1
-- 14.25
-- 1
-- AVAILABLE
-- Jul 10, 2006
-- Main Library Open Access Collection
Holdings
Withdrawn status Lost status Source of classification or shelving scheme Damaged status Not for loan Home library Current library Shelving location Date acquired Total Checkouts Full call number Barcode Date last seen Price effective from Koha item type
          CBU-MAIN LIBRARY, KITWE. CBU-MAIN LIBRARY, KITWE.   11/30/2022   TH 4815 Sne 015361 11/30/2022 11/30/2022 MONOGRAPH